000 01363nam0a2200289 4500
001 RU\NLR\BIBL_A\022785235
005 20260607083253.0
035 _a(NLR Aleph) 022785235
090 _a13690112
_c13690112
100 _a20260414d1978 m y0rusy50 ca
101 0 _atyv
102 _aRU
105 _aac z 000 y
181 0 _ai
_baxxe
182 0 _an
200 1 _aЭргелениг
_eшүлүктер, шүлүглелдер
_fАлександр Даржай
203 _aТекст
_bвизуальный
_cнепосредственный
210 _aКызыл
_cТываның ном үндүрер чери
_d1978
215 _a124, [1] с
_cил., портр.
_d15
330 _a"Нежность" - третий сборник молодого поэта. В него включены стихи о любви к Родине, о месте человека в жизни, а также поэмы "Цветок в прибрежных камнях", "Лжегерой", "Тавро".
541 1 _aНежность
_zrus
_eстихи
686 1 _aШ6(2=Ту)7 я44
700 1 _4070
_8rus
_7ca
_aДаржай
_bА. А.
_f1944-2016
_gАлександр Александрович
_cписатель, поэт
_3RU\NLR\auth-onl\77522
_9130578
852 _aNLR
_bОНЛ
_jТув./2-985
942 _cBOOK
980 _aNB